| 000 | 00407nam a22001577a 4500 | ||
|---|---|---|---|
| 003 | OSt | ||
| 005 | 20160505141344.0 | ||
| 008 | 160505b xxu||||| |||| 00| 0 eng d | ||
| 020 | _a9790393934120 | ||
| 040 | _cN/A | ||
| 100 | _aStanton .B. Garner at al | ||
| 245 | _aThe Norton anthology of drama shorter edition | ||
| 250 | _a1st ed | ||
| 260 |
_aNewYork _bW.W Norton & Company _c2009 |
||
| 942 |
_2lcc _cBK |
||
| 999 |
_c253275 _d253274 |
||